| 000 | 00830nam a22002417a 4500 | ||
|---|---|---|---|
| 001 | 41476 | ||
| 003 | BD-RjUL | ||
| 005 | 20211209053408.0 | ||
| 008 | 160531s1976 bg ||||| |||| 00| 0 ben d | ||
| 020 | _c: TK 4.00 | ||
| 035 | _a(BD-RjUL)41594 | ||
| 040 |
_aBD-RjUL _bben _cBD-RjUL |
||
| 041 | _aben | ||
| 082 |
_223 _a891.442 _bALA 1976 |
||
| 100 |
_aআল-মামুন, আবদুল্লাহ _9126931 |
||
| 245 | 1 | 0 |
_aএখন দুঃসময় / _cআবদুল্লাহ আল-মামুন |
| 250 | _a২য় সং. | ||
| 260 |
_aঢাকা : _bমুক্তধারা, _c১৯৭৬ |
||
| 300 |
_a[১০], ৪৭ পৃ. : _bচিত্র ; _c২১ সেমি |
||
| 650 |
_aবাংলা নাটক _9127477 |
||
| 650 |
_aBengali Drama _9127478 |
||
| 942 |
_2ddc _cBK |
||
| 999 |
_c41476 _d41476 |
||